| 000 | 00410nam a2200145Ia 4500 | ||
|---|---|---|---|
| 008 | 151015s9999 xx 000 0 und d | ||
| 020 | _a878932682 | ||
| 050 | _aQR181 .G66 1987 | ||
| 245 | _aGolub,Edward S. | ||
| 250 | _a_Immunology a synthesis Edward S.Golub | ||
| 300 | _aSunderland Sinauer Associates 1987 | ||
| 500 | _aIncludes index. | ||
| 650 | _a_Immunology | ||
| 700 | _a^d20130522 04:17:32^oanne | ||
| 999 |
_c4694 _d4694 |
||